000 00450cam a2200181ua 4500
020 _c7.00
041 _ahin
_h
082 _a891.54
_bnar/do
100 _aNaresh Mehta , Krit .
245 _aDoomketu:Ek shrushti /
_cNaresh Mehta Krit.
_hTextual Documents
250 _a1 /
_b.
260 _aNew Delhi :
_bNational Publishing House ,
_c1962.
300 _a342 ; .
365 _a7.00
504 _a
942 _cBK
999 _c12680
_d12680